000 00496nam a2200205Ia 4500
003 OSt
005 20230510093620.0
008 210423s1997 xx 000 0 und d
040 _cAL
041 _aeng
082 _a658.3
_223
_bDESH
100 _aDESLER (Gary).
_9101850
245 _aHuman resource management.
250 _a7
260 _aNew Delhi
_bPHI Learning Pvt Ltd
_c1997
300 _bPB
365 _b295
_cINR
906 _aHuman ; management. ; resource
942 _2ddc
_cBK
999 _c171731
_d171731